| 000 | 01182cam a22002891i 4500 | ||
|---|---|---|---|
| 003 | SA-RiAUC | ||
| 005 | 20260104123058.0 | ||
| 008 | 251119s2002 ts g f00000 ara c | ||
| 040 |
_aSA-RiAUC _bara _cSA-RiAUC _erda |
||
| 050 | 4 | _b.S37 | |
| 082 | 0 | 4 |
_a258.2 _qSA-RiAUC |
| 090 |
_a258.2 _bش ر ن |
||
| 100 | 1 |
_aالشرنوبي، عبد المجيد إبراهيم، _dتوفي 1348 هجري _eمؤلف. |
|
| 245 | 1 | 2 |
_aالمحاسن البهية في شرح العشماوية / _cتأليف عبد المجيد الشرنوبي الأزهري. |
| 246 | 3 | 0 | _aشرح العشماوية |
| 264 | 1 |
_aأبو ظبي : _bمنشورات المجمع الثقافي، _c2002 |
|
| 300 |
_a83 صفحة ؛ _c22 سم |
||
| 336 |
_aنص _btxt _2rdacontent _3كتاب |
||
| 337 |
_aبدون وسيط _bn _2rdamedia |
||
| 338 |
_aمجلد _bnc _2rdacarrier |
||
| 650 | 7 |
_aالفقه المالكي _2aucsh |
|
| 650 | 7 |
_aالفقه الإسلامي _xمذاهب _2aucsh |
|
| 700 | 1 | 2 |
_aالعشماوي، عبد الباري الرفاعي، _dقرن 10 هجري |
| 740 | 2 | _aمتن العشماوية. | |
| 942 |
_2ddc _cBOOK _n0 |
||
| 949 |
_aSA-JeALM _d251119 _umohamedma123 _n1 |
||
| 999 |
_c13865 _d13865 |
||